| 000 | 00578 a2200157 4500 | ||
|---|---|---|---|
| 003 | Nust | ||
| 005 | 20230406091115.0 | ||
| 040 | _cNust | ||
| 082 | _a954.9042,IQB | ||
| 100 |
_aIqbal, Javid _94619 |
||
| 245 |
_aThe legacy of Quaid i Azam / _cJavid Iqbal |
||
| 260 |
_aRawalpindi _bFerozoons Ltd _c1967 |
||
| 300 | _a99 pages | ||
| 505 | _aIntroduction (Page-1), Islamic Democracy (Page-19), Islamic Socialism (Page-58), National Consolidation (Page-66), Education (Page-73), Services (Page-76), Foreign Policy (Page-84), Defence (Page-92). | ||
| 942 |
_2ddc _cBK _k954.9042,IQB |
||
| 999 |
_c194027 _d194027 |
||